Československá federace dodatky a změny

Saved in:
Bibliographic Details
Format: Book
Language:Czech
Published: Praha Československá tisková kancelář 1970
Tags: Add Tag
No Tags, Be the first to tag this record!

MARC

LEADER 00000nam a2200000 4500
001 c031465
005 20260323112756.6
041 0 |a cze 
044 |a CZ 
245 1 0 |a Československá federace  |b dodatky a změny  |c Uspor. Václav Brož 
264 1 |a Praha  |b Československá tisková kancelář  |c 1970 
300 |a 79 s.